| 000 | 00506nam a22001931c 4500 | ||
|---|---|---|---|
| 001 | a987680436 | ||
| 008 | 170605s1983 gw |||| 000u rus d | ||
| 041 | _arus | ||
| 100 | 1 | _aMlynár, Zdenek | |
| 245 | 0 | 0 | _aCholodom veet ot Kremlja |
| 246 | 1 | 0 | _aNightfrost in Prague |
| 264 |
_aNew York : _bProblemy Vostocnoj Evropy / Problems of Eastern Europe, _c1983 |
||
| 300 | _a299 S. | ||
| 650 | 0 | _aPrager Frühling | |
| 651 | 0 | _aSowjetunion | |
| 942 | _cMG | ||
| 040 | _cRU-10907106 | ||
| 003 | RU-10907106 | ||
| 999 |
_c48901 _d48901 |
||